Juegos africanos / (Registro nro. 39695)
[ vista simple ]
| 000 -CABECERA | |
|---|---|
| campo de control de longitud fija | 00455nam a2200157 a 4500 |
| 001 - NÚMERO DE CONTROL | |
| campo de control | 000040205 |
| 005 - FECHA Y HORA DE LA ÚLTIMA TRANSACCIÓN | |
| campo de control | 20201002034000.0 |
| 008 - DATOS DE LONGITUD FIJA--INFORMACIÓN GENERAL | |
| campo de control de longitud fija | 130815s1970 sp 000 0 spa d |
| 040 ## - FUENTE DE LA CATALOGACIÓN | |
| Centro catalogador/agencia de origen | DO-SdBNP |
| Lengua de catalogación | spa |
| Centro/agencia transcriptor | BNPHU |
| 100 1# - ENTRADA PRINCIPAL--NOMBRE DE PERSONA | |
| Nombre de persona | JÜnger, Ernst |
| 9 (RLIN) | 66471 |
| 245 10 - MENCIÓN DE TÍTULO | |
| Título | Juegos africanos / |
| Mención de responsabilidad, etc. | JÜnger Ernst. |
| 260 ## - PUBLICACIÓN, DISTRIBUCIÓN, ETC. | |
| Lugar de publicación, distribución, etc. | Madrid : |
| Nombre del editor, distribuidor, etc. | Punto Omega, |
| Fecha de publicación, distribución, etc. | 1970. |
| 300 ## - DESCRIPCIÓN FÍSICA | |
| Extensión | 207 p. ; |
| Dimensiones | 19 cm. |
| 490 1# - MENCIÓN DE SERIE | |
| Mención de serie | Universitaria de bolsillo |
| 830 #0 - PUNTO DE ACCESO ADICIONAL DE SERIE-TÍTULO UNIFORME | |
| Título uniforme | Universitaria de bolsillo |
| 9 (RLIN) | 66472 |
| Estado de retiro | Estado de pérdida | Restricciones de uso | No para préstamo | Código de colección | Localización permanente | Ubicación/localización actual | Ubicación en estantería | Fecha de adquisición | Número de inventario | Total de préstamos | Signatura topográfica completa | Código de barras | Fecha visto por última vez | Precio válido a partir de | Tipo de ítem Koha | Nota pública |
|---|---|---|---|---|---|---|---|---|---|---|---|---|---|---|---|---|
| Monografías: Libros y Folletos | General | General | Orden iniciada | 15.08.2013 | LF1 | 40205-10 | 25.06.2020 | 25.06.2020 | No se presta | Perteneció a la biblioteca personal de Aída Cartagena Portalatín |
